[Event "CZE-chT2B 2223"]
[Site "Czech Republic"]
[Date "2023.01.22"]
[Round "7.5"]
[White "Janda, Jiri"]
[Black "Hula, Lukas"]
[Result "0-1"]
[WhiteElo "2127"]
[BlackElo "1980"]
[PlyCount "70"]
[EventDate "2022.10.16"]
[EventType "team-tourn"]
[EventRounds "11"]
[EventCountry "CZE"]
[SourceTitle "EXT 2024"]
[Source "ChessBase"]
[SourceDate "2023.10.10"]
[SourceVersion "1"]
[SourceVersionDate "2023.10.10"]
[SourceQuality "1"]
[WhiteTeam "Kobylisy"]
[BlackTeam "Litomerice III"]
[WhiteTeamCountry "CZE"]
[BlackTeamCountry "CZE"]

1. e4 c6 2. d4 d5 3. exd5 cxd5 4. Nf3 Nc6 5. c3 Nf6 6. Bd3 g6 7. Qe2 Bg7 8. 0-0 Bf5 9. Nbd2 0-0 10. Bxf5 gxf5 11. Ne5 a6 12. Nb3 e6 13. Re1 Qc8 14. Qd3 Nxe5 15. dxe5 Nd7 16. Qg3 Kh8 17. Bf4 Rg8 18. Qh4 Nf8 19. Bg3 Ng6 20. Qd4 Qc4 21. f4 Rac8 22. Rad1 Bh6 23. Rf1 Qb5 24. Qf2 Qa4 25. Rd4 Rc4 26. Rxc4 Qxc4 27. Qf3 Qe4 28. Qf2 Bxf4 29. Re1 Bxg3 30. Qxg3 Qf4 31. Qxf4 Nxf4 32. g3 Nd3 33. Re2 b6 34. Kf1 Rg4 35. Nd4 Re4 0-1

[Event "CZE-chT2B 2223"]
[Site "Czech Republic"]
[Date "2022.11.20"]
[Round "3.5"]
[White "Bicek, Richard"]
[Black "Hula, Lukas"]
[Result "0-1"]
[WhiteElo "2177"]
[BlackElo "1968"]
[PlyCount "70"]
[EventDate "2022.10.16"]
[EventType "team-tourn"]
[EventRounds "11"]
[EventCountry "CZE"]
[SourceTitle "EXT 2024"]
[Source "ChessBase"]
[SourceDate "2023.10.10"]
[SourceVersion "1"]
[SourceVersionDate "2023.10.10"]
[SourceQuality "1"]
[WhiteTeam "Karlovy Vary Tietz"]
[BlackTeam "Litomerice III"]
[WhiteTeamCountry "CZE"]
[BlackTeamCountry "CZE"]

1. e4 c6 2. d4 d5 3. e5 Bf5 4. Ne2 e6 5. Ng3 Bg6 6. h4 h5 7. Be2 c5 8. Bg5 Qb6 9. Nd2 Nc6 10. Bxh5 Bxh5 11. Nxh5 cxd4 12. 0-0 Nxe5 13. Re1 Ng6 14. c4 f6 15. cxd5 e5 16. Qa4+ Kf7 17. Qd7+ Be7 18. Nc4 Qd8 19. Qe6+ Kf8 20. d6 Rxh5 21. g4 Rxg5 22. hxg5 Nf4 23. dxe7+ Nxe7 24. Qd6 Qc8 25. f3 Nh3+ 26. Kh2 Nxg5 27. Kg3 Qxc4 28. Rh1 Qd3 29. Qa3 Qxa3 30. bxa3 Ng6 31. Rab1 b6 32. Rhc1 Ne6 33. a4 Ngf4 34. Rc6 Ke7 35. Rbc1 Ne2+ 0-1

[Event "CZE-chT2B 1920"]
[Site "Czech Republic"]
[Date "2020.06.18"]
[Round "10.7"]
[White "Vrecion, Jiri"]
[Black "Hula, Lukas"]
[Result "1-0"]
[WhiteElo "2037"]
[BlackElo "2041"]
[PlyCount "63"]
[EventDate "2019.10.13"]
[EventType "team-tourn"]
[EventRounds "11"]
[EventCountry "CZE"]
[SourceTitle "EXT 2024"]
[Source "ChessBase"]
[SourceDate "2023.10.10"]
[SourceVersion "1"]
[SourceVersionDate "2023.10.10"]
[SourceQuality "1"]
[WhiteTeam "Kolesovice Cesky Lev"]
[BlackTeam "Litomerice"]
[WhiteTeamCountry "CZE"]
[BlackTeamCountry "CZE"]

1. c4 e6 2. g3 d5 3. Bg2 Nf6 4. Nf3 c5 5. cxd5 exd5 6. d4 b6 7. Nc3 Be7 8. Bg5 Bb7 9. Ne5 Ne4 10. Bxe7 Qxe7 11. Qa4+ Kf8 12. Rd1 f6 13. Ng4 Nxc3 14. bxc3 Na6 15. Ne3 Rd8 16. 0-0 h5 17. Nxd5 Bxd5 18. Bxd5 Rxd5 19. Qxa6 h4 20. Qc8+ Rd8 21. Qg4 hxg3 22. hxg3 Kf7 23. e4 Rde8 24. dxc5 Qxc5 25. Rd5 Qa3 26. Rfd1 Re7 27. e5 Qxc3 28. e6+ Rxe6 29. Rd7+ Re7 30. Rxe7+ Kxe7 31. Rd7+ Ke8 32. Qe6+ 1-0

[Event "CZE-chT2B 1819"]
[Site "Czech Republic"]
[Date "2019.03.31"]
[Round "11.7"]
[White "Hula, Lukas"]
[Black "Reitinger, Petr"]
[Result "0-1"]
[WhiteElo "2074"]
[BlackElo "1970"]
[PlyCount "80"]
[EventDate "2018.10.14"]
[EventType "team-tourn"]
[EventRounds "11"]
[EventCountry "CZE"]
[SourceTitle "EXT 2022"]
[Source "ChessBase"]
[SourceDate "2021.10.06"]
[SourceVersion "1"]
[SourceVersionDate "2021.10.06"]
[SourceQuality "1"]
[WhiteTeam "Litomerice"]
[BlackTeam "Louny Union"]
[WhiteTeamCountry "CZE"]
[BlackTeamCountry "CZE"]

1. Nf3 d5 2. d4 e6 3. c4 dxc4 4. Nc3 a6 5. a4 c5 6. d5 exd5 7. Nxd5 Nf6 8. Nxf6+ Qxf6 9. Bg5 Qb6 10. Ra3 Nc6 11. Qc2 Be6 12. Re3 Qb4+ 13. Rc3 Bd6 14. e3 h6 15. Bh4 Ne7 16. Bxe7 Bxe7 17. e4 0-0 18. Be2 Rfd8 19. 0-0 b5 20. Ra1 Qa5 21. Ne5 Qc7 22. Ng4 Bg5 23. Ne3 Bf6 24. Rf1 Bd4 25. Qc1 Bxc3 26. Qxc3 Qd6 27. Bh5 Qd4 28. Qa5 Qxb2 29. Nd5 Bxd5 30. exd5 c3 31. Qc7 g6 32. Bxg6 fxg6 33. Qc6 c2 34. Qxg6+ Qg7 35. Qe6+ Kh8 36. f4 Re8 37. Qc6 Rac8 38. Qxa6 Rg8 39. g3 Qd4+ 40. Kh1 Qxd5+ 0-1

[Event "CZE-chT2B 1718"]
[Site "Czech Republic"]
[Date "2018.01.14"]
[Round "6.5"]
[White "Hula, Lukas"]
[Black "Drabek, Vojtech"]
[Result "1-0"]
[WhiteElo "2065"]
[BlackElo "2147"]
[PlyCount "63"]
[EventDate "2017.10.15"]
[EventType "team-tourn"]
[EventRounds "11"]
[EventCountry "CZE"]
[SourceTitle "EXT 2022"]
[Source "ChessBase"]
[SourceDate "2021.10.06"]
[SourceVersion "1"]
[SourceVersionDate "2021.10.06"]
[SourceQuality "1"]
[WhiteTeam "Litomerice"]
[BlackTeam "Neratovice III"]
[WhiteTeamCountry "CZE"]
[BlackTeamCountry "CZE"]

1. Nf3 Nf6 2. c4 g6 3. g3 Bg7 4. Bg2 0-0 5. 0-0 d5 6. cxd5 Nxd5 7. Nc3 Nc6 8. Qb3 Nb6 9. d3 h6 10. Be3 e5 11. Bc5 Be6 12. Qc2 Re8 13. Rac1 Nd5 14. Nxd5 Bxd5 15. e3 a5 16. e4 Be6 17. Qa4 Qd7 18. Rfd1 Rad8 19. Rd2 Nd4 20. Qa3 Nxf3+ 21. Bxf3 b6 22. Be3 Bf8 23. Qc3 Bxa2 24. Qxc7 Qxc7 25. Rxc7 Bb4 26. Rd1 Bb3 27. Rdc1 Rxd3 28. Be2 Rxe3 29. fxe3 Bd2 30. R1c6 Bxe3+ 31. Kg2 Kh7 32. Rc3 1-0

[Event "CZE-chT rap"]
[Site "Pardubice"]
[Date "2017.07.13"]
[Round "1.4"]
[White "Hula, Lukas"]
[Black "Butkiewicz, Lukasz"]
[Result "0-1"]
[WhiteElo "2084"]
[BlackElo "2455"]
[PlyCount "86"]
[EventDate "2017.07.13"]
[EventType "team-swiss"]
[EventRounds "7"]
[EventCountry "CZE"]
[SourceTitle "EXT 2018"]
[Source "ChessBase"]
[SourceDate "2017.10.13"]
[SourceVersion "1"]
[SourceVersionDate "2017.10.13"]
[SourceQuality "1"]
[WhiteTeam "Unichess"]
[BlackTeam "Wisznia Mala"]
[WhiteTeamCountry "CZE"]
[BlackTeamCountry "POL"]

1. Nf3 f5 2. c4 Nf6 3. Nc3 d6 4. g3 g6 5. Bg2 Bg7 6. 0-0 0-0 7. d3 e5 8. e3 h6 9. Rb1 g5 10. Nd2 a5 11. a3 Nc6 12. b4 axb4 13. axb4 f4 14. b5 Ne7 15. Nce4 g4 16. exf4 exf4 17. Nxf6+ Bxf6 18. gxf4 Ng6 19. Ne4 Bg7 20. f5 Bxf5 21. Ng3 Ne5 22. Rb3 Be6 23. Re1 Qf6 24. Qe2 Rae8 25. Bb2 Qh4 26. Bxe5 Bxe5 27. Bxb7 Bd4 28. Ne4 Rf3 29. Qf1 Ref8 30. Re2 Bxc4 31. dxc4 Rxb3 32. Qd1 g3 33. hxg3 Rxg3+ 34. Nxg3 Qxg3+ 35. Kh1 Qh4+ 36. Kg2 Qg4+ 37. Kh1 Bxf2 38. Qf1 Qh4+ 39. Kg2 Qg3+ 40. Kh1 Rf4 41. Bd5+ Kf8 42. Re4 Rf5 43. Qd1 Qh3# 0-1

[Event "CZE-chT2B 1516"]
[Site "Czech Republic"]
[Date "2016.04.03"]
[Round "10.3"]
[White "Hula, Lukas"]
[Black "Fiala, Jaroslav"]
[Result "1/2-1/2"]
[WhiteElo "2108"]
[BlackElo "2208"]
[PlyCount "90"]
[EventDate "2015.10.18"]
[EventType "team-tourn"]
[EventRounds "11"]
[EventCountry "CZE"]
[SourceTitle "EXT 2022"]
[Source "ChessBase"]
[SourceDate "2021.10.06"]
[SourceVersion "1"]
[SourceVersionDate "2021.10.06"]
[SourceQuality "1"]
[WhiteTeam "Litomerice"]
[BlackTeam "Jicin III"]
[WhiteTeamCountry "CZE"]
[BlackTeamCountry "CZE"]

1. Nf3 Nf6 2. c4 g6 3. g3 Bg7 4. Bg2 0-0 5. 0-0 d6 6. Nc3 e5 7. d3 Nh5 8. Rb1 a5 9. a3 f5 10. Qc2 Nd7 11. b4 axb4 12. axb4 Ndf6 13. Qb3 Qe7 14. Nd2 Kh8 15. b5 Rb8 16. Nd5 Nxd5 17. cxd5 b6 18. Qc4 f4 19. Ne4 Bg4 20. Rb2 Ra8 21. Rc2 Ra7 22. Bb2 h6 23. Qc6 Bd7 24. Qc4 Qe8 25. Rfc1 fxg3 26. hxg3 Nf6 27. Qb3 Qf7 28. Nxf6 Bxf6 29. e4 Bg4 30. f3 Bc8 31. Ra1 Rxa1+ 32. Bxa1 Kg8 33. Qc4 Bd7 34. Qxc7 Rc8 35. Qxc8+ Bxc8 36. Rxc8+ Kh7 37. Bc3 h5 38. Bb4 Qd7 39. Rc6 Be7 40. Kh2 h4 41. gxh4 Qd8 42. Bd2 Bxh4 43. Be3 Bg5 44. Bf2 Bh4 45. Be3 Bg5 1/2-1/2

[Event "CZE-chT2B 1516"]
[Site "Czech Republic"]
[Date "2016.03.13"]
[Round "9.2"]
[White "Kucera, Petr3333"]
[Black "Hula, Lukas"]
[Result "1/2-1/2"]
[WhiteElo "2280"]
[BlackElo "2108"]
[PlyCount "25"]
[EventDate "2015.10.18"]
[EventType "team-tourn"]
[EventRounds "11"]
[EventCountry "CZE"]
[SourceTitle "EXT 2022"]
[Source "ChessBase"]
[SourceDate "2021.10.06"]
[SourceVersion "1"]
[SourceVersionDate "2021.10.06"]
[SourceQuality "1"]
[WhiteTeam "Turnov Zikuda II"]
[BlackTeam "Litomerice"]
[WhiteTeamCountry "CZE"]
[BlackTeamCountry "CZE"]

1. c4 e6 2. g3 d5 3. Bg2 Nf6 4. Nf3 Be7 5. d4 0-0 6. Nc3 c6 7. 0-0 Nbd7 8. Qd3 b6 9. cxd5 exd5 10. Bg5 Bb7 11. Rfe1 Re8 12. Rad1 Qc7 13. Rc1 1/2-1/2

[Event "CZE-chT2B 1516"]
[Site "Czech Republic"]
[Date "2016.01.10"]
[Round "5.3"]
[White "Hula, Lukas"]
[Black "Bradac, Daniel"]
[Result "1-0"]
[WhiteElo "2108"]
[BlackElo "2012"]
[PlyCount "67"]
[EventDate "2015.10.18"]
[EventType "team-tourn"]
[EventRounds "11"]
[EventCountry "CZE"]
[SourceTitle "EXT 2022"]
[Source "ChessBase"]
[SourceDate "2021.10.06"]
[SourceVersion "1"]
[SourceVersionDate "2021.10.06"]
[SourceQuality "1"]
[WhiteTeam "Litomerice"]
[BlackTeam "Turnov Zikuda III"]
[WhiteTeamCountry "CZE"]
[BlackTeamCountry "CZE"]

1. Nf3 Nf6 2. c4 e6 3. g3 d5 4. b3 Bd6 5. Bb2 0-0 6. Bg2 Nbd7 7. 0-0 c6 8. d4 b6 9. Nbd2 Bb7 10. Qc2 Qe7 11. e4 e5 12. dxe5 Nxe5 13. exd5 cxd5 14. Nxe5 Bxe5 15. Rae1 Nd7 16. cxd5 Qf6 17. Bxe5 Nxe5 18. Qc7 Ba6 19. Qxe5 Qxe5 20. Rxe5 Bxf1 21. Nxf1 Rac8 22. Re7 a5 23. Rb7 Rc2 24. a4 f5 25. Rxb6 f4 26. Be4 Rb2 27. f3 Rc8 28. d6 Kf8 29. d7 Rd8 30. Bf5 g6 31. Bh3 Ke7 32. Re6+ Kf7 33. Re4 Rxb3 34. Be6+ 1-0

[Event "CZE-chT2B 1516"]
[Site "Czech Republic"]
[Date "2015.11.22"]
[Round "3.2"]
[White "Formanek, Martin"]
[Black "Hula, Lukas"]
[Result "1-0"]
[WhiteElo "2172"]
[BlackElo "2108"]
[PlyCount "61"]
[EventDate "2015.10.18"]
[EventType "team-tourn"]
[EventRounds "11"]
[EventCountry "CZE"]
[SourceTitle "EXT 2022"]
[Source "ChessBase"]
[SourceDate "2021.10.06"]
[SourceVersion "1"]
[SourceVersionDate "2021.10.06"]
[SourceQuality "1"]
[WhiteTeam "Unichess II"]
[BlackTeam "Litomerice"]
[WhiteTeamCountry "CZE"]
[BlackTeamCountry "CZE"]

1. Nf3 Nf6 2. g3 d5 3. Bg2 g6 4. 0-0 Bg7 5. d3 0-0 6. Nbd2 c6 7. e4 Bg4 8. h3 Bxf3 9. Qxf3 Nbd7 10. d4 dxe4 11. Nxe4 Nxe4 12. Qxe4 e6 13. Rd1 Nb6 14. Bf4 Qe7 15. c3 a5 16. Re1 Rfd8 17. Rad1 Nc4 18. Qe2 Nb6 19. Be5 Bh6 20. g4 Rd7 21. Qf3 Bg5 22. b3 Rad8 23. Re4 Nd5 24. Rde1 Nf6 25. R4e2 Nd5 26. c4 Nb6 27. a4 Qf8 28. Qg3 Qe7 29. d5 cxd5 30. Bd4 Qb4 31. Qe5 1-0

[Event "CZE-chT2B 1415"]
[Site "Czech Republic"]
[Date "2014.12.14"]
[Round "4.3"]
[White "Hula, Lukas"]
[Black "Prchly, Milos"]
[Result "1/2-1/2"]
[WhiteElo "2109"]
[BlackElo "2006"]
[PlyCount "92"]
[EventDate "2014.11.02"]
[EventType "team-tourn"]
[EventRounds "11"]
[EventCountry "CZE"]
[SourceTitle "EXT 2022"]
[Source "ChessBase"]
[SourceDate "2021.10.06"]
[SourceVersion "1"]
[SourceVersionDate "2021.10.06"]
[SourceQuality "1"]
[WhiteTeam "Litomerice"]
[BlackTeam "Liberec Lokomotiva"]
[WhiteTeamCountry "CZE"]
[BlackTeamCountry "CZE"]

1. Nf3 Nf6 2. c4 e6 3. Nc3 d5 4. d4 Bb4 5. e3 0-0 6. Qc2 c5 7. Bd2 b6 8. cxd5 exd5 9. dxc5 bxc5 10. a3 Ba5 11. Bb5 a6 12. Ba4 d4 13. Nd1 Bb7 14. Qxc5 Bxd2+ 15. Nxd2 dxe3 16. Qxe3 Bxg2 17. Rg1 Bc6 18. Bxc6 Nxc6 19. Qg5 g6 20. Ne3 Qxd2+ 21. Kxd2 Ne4+ 22. Ke1 Nxg5 23. Rxg5 f5 24. Rd1 Rfe8 25. Kf1 Rad8 26. Rxd8 Nxd8 27. Nd5 Ne6 28. Rg3 Rd8 29. Rd3 Kf7 30. b4 Nc7 31. Nf4 Rxd3 32. Nxd3 Ke6 33. Ke2 Kd5 34. h4 Nb5 35. Nc5 a5 36. Nb3 a4 37. Nc5 Nxa3 38. Nxa4 Nc2 39. b5 Nd4+ 40. Ke3 Nxb5 41. Kf4 Ke6 42. Nc5+ Kd6 43. Nb7+ Kc7 44. Nc5 Kd6 45. Nb7+ Ke7 46. Ke5 Nc3 1/2-1/2

[Event "CZE-chT2B 1415"]
[Site "Czech Republic"]
[Date "2014.11.30"]
[Round "3.4"]
[White "Hula, Lukas"]
[Black "Crha, Pavel"]
[Result "0-1"]
[WhiteElo "2109"]
[BlackElo "2088"]
[PlyCount "64"]
[EventDate "2014.11.02"]
[EventType "team-tourn"]
[EventRounds "11"]
[EventCountry "CZE"]
[SourceTitle "EXT 2022"]
[Source "ChessBase"]
[SourceDate "2021.10.06"]
[SourceVersion "1"]
[SourceVersionDate "2021.10.06"]
[SourceQuality "1"]
[WhiteTeam "Litomerice"]
[BlackTeam "Mlada Boleslav"]
[WhiteTeamCountry "CZE"]
[BlackTeamCountry "CZE"]

1. Nf3 d5 2. c4 dxc4 3. e3 Nf6 4. Bxc4 e6 5. d4 c5 6. 0-0 Nc6 7. dxc5 Bxc5 8. a3 0-0 9. Qc2 Be7 10. Nc3 Bd7 11. Rd1 Rc8 12. Ba2 Qa5 13. e4 Rfd8 14. Qe2 Be8 15. b4 Rxd1+ 16. Qxd1 Qh5 17. Bb2 Rd8 18. Qe2 Bd6 19. h3 Ne5 20. Nxe5 Bxe5 21. Qxh5 Nxh5 22. Na4 Bxb2 23. Nxb2 Bc6 24. f3 Nf4 25. Rd1 Rxd1+ 26. Nxd1 Kf8 27. Bc4 Ke7 28. Kf2 Kd6 29. h4 Ke5 30. g3 Kd4 31. Bf1 Nd3+ 32. Ke2 Ne5 0-1

[Event "CZE-chT2B 1314"]
[Site "Czech Republic"]
[Date "2014.01.05"]
[Round "5.3"]
[White "Petran, Peter"]
[Black "Hula, Lukas"]
[Result "1/2-1/2"]
[WhiteElo "2321"]
[BlackElo "2105"]
[PlyCount "91"]
[EventDate "2013.11.03"]
[EventType "team-tourn"]
[EventRounds "11"]
[EventCountry "CZE"]
[SourceTitle "EXT 2015"]
[Source "ChessBase"]
[SourceDate "2014.11.20"]
[SourceVersion "1"]
[SourceVersionDate "2014.11.20"]
[SourceQuality "1"]
[WhiteTeam "Vysehrad"]
[BlackTeam "Litomerice"]
[WhiteTeamCountry "CZE"]
[BlackTeamCountry "CZE"]

1. g3 d5 2. Bg2 Nf6 3. Nf3 g6 4. c4 c6 5. b3 Bg7 6. Bb2 0-0 7. 0-0 Nbd7 8. Qc2 Re8 9. d4 Ne4 10. Nc3 Ndf6 11. Ne5 Bf5 12. Nxe4 Bxe4 13. Bxe4 Nxe4 14. f3 Nf6 15. e4 Rc8 16. Rae1 Nd7 17. Nd3 e6 18. c5 Nf8 19. e5 Qc7 20. b4 a6 21. a4 Nd7 22. Kg2 b5 23. Bc3 f5 24. exf6 Bxf6 25. Re2 Re7 26. Rfe1 Rce8 27. axb5 axb5 28. Qb2 Bg7 29. Bd2 Nf8 30. Bf4 Qc8 31. Bd6 Ra7 32. h4 Qa8 33. Ne5 Ra4 34. Qd2 Qc8 35. h5 gxh5 36. Rh1 Ng6 37. Rxh5 Nxe5 38. dxe5 Qd7 39. g4 Qf7 40. Rh1 Rea8 41. Rf2 Qg6 42. Qf4 R8a7 43. Qd2 Ra3 44. Qf4 R3a4 45. Qd2 Ra3 46. Qf4 1/2-1/2

[Event "CZE-chT2B 1314"]
[Site "Czech Republic"]
[Date "2013.11.03"]
[Round "1.4"]
[White "Sochor, Jiri"]
[Black "Hula, Lukas"]
[Result "1/2-1/2"]
[WhiteElo "2277"]
[BlackElo "2105"]
[PlyCount "119"]
[EventDate "2013.11.03"]
[EventType "team-tourn"]
[EventRounds "11"]
[EventCountry "CZE"]
[SourceTitle "EXT 2015"]
[Source "ChessBase"]
[SourceDate "2014.11.20"]
[SourceVersion "1"]
[SourceVersionDate "2014.11.20"]
[SourceQuality "1"]
[WhiteTeam "Decin"]
[BlackTeam "Litomerice"]
[WhiteTeamCountry "CZE"]
[BlackTeamCountry "CZE"]

1. d4 d5 2. c4 e6 3. Nc3 Nf6 4. Bg5 Nbd7 5. e3 c6 6. Nf3 Qa5 7. Bxf6 Nxf6 8. Bd3 Bd6 9. 0-0 0-0 10. Qe2 dxc4 11. Bxc4 e5 12. dxe5 Bxe5 13. Nxe5 Qxe5 14. h3 Be6 15. Bxe6 Qxe6 16. e4 Rfe8 17. Rfe1 Rad8 18. Qe3 b6 19. Rad1 h6 20. Rd2 Rxd2 21. Qxd2 Re7 22. Re3 Rd7 23. Qe2 b5 24. e5 Nd5 25. Nxd5 Qxd5 26. e6 fxe6 27. Rxe6 Qd1+ 28. Kh2 Qxe2 29. Rxe2 Kf7 30. Rc2 Rd6 31. Kg3 Rf6 32. f4 g5 33. fxg5 hxg5 34. Rf2 c5 35. Rd2 Kg6 36. Rd7 a6 37. Rc7 c4 38. a4 Rd6 39. Rc5 Rd3+ 40. Kg4 Rd4+ 41. Kf3 Rd3+ 42. Ke4 Rb3 43. g4 Rxb2 44. Rc6+ Kg7 45. Kf5 Rb3 46. Rxa6 bxa4 47. Ra7+ Kh6 48. Ra6+ Kg7 49. Rxa4 Rxh3 50. Kxg5 Rf3 51. Rxc4 Rf7 52. Rc6 Ra7 53. Kh5 Ra5+ 54. g5 Ra7 55. Rg6+ Kh8 56. Re6 Kg7 57. Re5 Rb7 58. g6 Ra7 59. Rf5 Rb7 60. Rf7+ 1/2-1/2

[Event "Pardubice Czech op-B 21st"]
[Site "Pardubice"]
[Date "2010.07.26"]
[Round "4"]
[White "Hula, Lukas"]
[Black "Piankov, Evgenij"]
[Result "1/2-1/2"]
[WhiteElo "2107"]
[BlackElo "2324"]
[PlyCount "120"]
[EventDate "2010.07.23"]
[EventType "swiss"]
[EventRounds "9"]
[EventCountry "CZE"]
[SourceTitle "CBM 137 Extra"]
[Source "ChessBase"]
[SourceDate "2010.09.01"]
[SourceVersion "1"]
[SourceVersionDate "2010.09.01"]
[SourceQuality "1"]

1. e4 c6 2. d4 d5 3. exd5 cxd5 4. Bd3 Nc6 5. c3 Nf6 6. Bf4 Bg4 7. Qb3 Qd7 8. Nd2 Qe6+ 9. Ne2 Qc8 10. 0-0 e6 11. Ng3 Be7 12. Rae1 Nh5 13. Nxh5 Bxh5 14. Qc2 Qd7 15. Re3 Rc8 16. Qb1 Bg6 17. Nf3 Bd6 18. Be5 Nxe5 19. Nxe5 Bxe5 20. Rxe5 Bxd3 21. Qxd3 g6 22. Qe3 0-0 23. h4 Rc6 24. Re1 Re8 25. Qh6 Qd6 26. h5 Qf8 27. Qxf8+ Rxf8 28. hxg6 hxg6 29. g4 b5 30. a3 a5 31. Kf1 b4 32. axb4 axb4 33. R5e3 Rb8 34. Rc1 Kg7 35. Ke2 bxc3 36. bxc3 Rb2+ 37. Kf3 Rc4 38. Rd3 Ra4 39. Kg3 Raa2 40. Rf3 g5 41. c4 dxc4 42. Rxc4 Rb7 43. d5 exd5 44. Rd4 Rd7 45. Rf5 Ra5 46. Rxg5+ Kf6 47. Rf5+ Ke6 48. Rf3 Kd6 49. Rfd3 Kc5 50. Kf4 Ra2 51. f3 Rd6 52. Ke5 Re2+ 53. Kf5 Re3 54. f4 Rxd3 55. Rxd3 d4 56. g5 Kc4 57. Rd1 d3 58. Kg4 Rd4 59. Kf5 Rd6 60. Kg4 Rd4 1/2-1/2

[Event "CZE-chT2b 0607"]
[Site "Czech Republic"]
[Date "2007.03.11"]
[Round "9"]
[White "Hula, Lukas"]
[Black "Soukup, Jiri"]
[Result "1-0"]
[WhiteElo "2135"]
[BlackElo "2253"]
[PlyCount "137"]
[EventDate "2006.10.15"]
[EventType "team"]
[EventRounds "11"]
[EventCountry "CZE"]
[SourceTitle "EXT 2009"]
[Source "ChessBase"]
[SourceDate "2008.11.26"]
[SourceVersion "1"]
[SourceVersionDate "2008.11.26"]
[SourceQuality "1"]

1. e4 e5 2. Nc3 Nf6 3. Bc4 Nc6 4. d3 Bc5 5. Bg5 h6 6. Bxf6 Qxf6 7. Qf3 Qxf3 8. Nxf3 d6 9. Nd5 Kd8 10. c3 Na5 11. Bb3 c6 12. Ne3 Nxb3 13. axb3 Be6 14. b4 Bb6 15. Ke2 g6 16. Rhd1 f5 17. Nh4 Bxe3 18. Kxe3 f4+ 19. Kd2 g5 20. Nf3 g4 21. Ne1 d5 22. Kc2 Kc7 23. g3 Rhf8 24. Rd2 fxg3 25. fxg3 dxe4 26. dxe4 Rf1 27. Rad1 Raf8 28. Nd3 Rxd1 29. Rxd1 Rf3 30. Nxe5 Rf2+ 31. Rd2 Bb3+ 32. Kd3 Rf1 33. Nxg4 Re1 34. Nxh6 Ba2 35. Rf2 Bb1+ 36. Kd2 Rxe4 37. Re2 Kd6 38. Rxe4 Bxe4 39. Ke3 Bg6 40. Kd4 b6 41. Ng4 a5 42. bxa5 bxa5 43. h4 c5+ 44. Ke3 Kd5 45. Nf2 Kc4 46. Kd2 Kd5 47. Nd3 Ke4 48. Nxc5+ Kf3 49. Nb7 a4 50. Nc5 Kxg3 51. Nxa4 Kxh4 52. Ke3 Kg5 53. Kd4 Kf6 54. Kc5 Ke7 55. Nb6 Be4 56. Nd5+ Kd8 57. Kd6 Kc8 58. c4 Kb7 59. c5 Bf5 60. b4 Ka6 61. Nc3 Kb7 62. b5 Bh3 63. Nd5 Bf1 64. c6+ Kb8 65. b6 Bh3 66. Nf6 Bc8 67. Nd7+ Ka8 68. Kc7 Bxd7 69. b7+ 1-0

[Event "CZE-chT2b 0607"]
[Site "Czech Republic"]
[Date "2007.02.11"]
[Round "7"]
[White "Vanek, Tomas"]
[Black "Hula, Lukas"]
[Result "1-0"]
[WhiteElo "2271"]
[BlackElo "2135"]
[PlyCount "69"]
[EventDate "2006.10.15"]
[EventType "team"]
[EventRounds "11"]
[EventCountry "CZE"]
[SourceTitle "EXT 2009"]
[Source "ChessBase"]
[SourceDate "2008.11.26"]
[SourceVersion "1"]
[SourceVersionDate "2008.11.26"]
[SourceQuality "1"]

1. d4 d5 2. c4 e6 3. Nf3 Nf6 4. Nc3 Nbd7 5. e3 c6 6. Qc2 Qc7 7. Bd2 Be7 8. Rc1 0-0 9. cxd5 exd5 10. Bd3 Re8 11. 0-0 a6 12. Qb3 Bd6 13. Na4 b5 14. Nc3 Nb6 15. Ne2 Bg4 16. Bb4 Ne4 17. Bxd6 Qxd6 18. Ne5 Bxe2 19. Bxe2 Nd2 20. Qd1 Nxf1 21. Rxc6 Qb8 22. Bd3 Nc4 23. Bxh7+ Kh8 24. Nxf7+ Kxh7 25. Qh5+ Kg8 26. Nh6+ Kh8 27. Ng4+ Kg8 28. Qxd5+ Kh8 29. Qh5+ Kg8 30. Nf6+ gxf6 31. Qg6+ Kh8 32. Qxf6+ Kh7 33. Qf7+ Kh8 34. Qh5+ Kg7 35. Rg6+ 1-0

[Event "CZE-chT2b 0607"]
[Site "Czech Republic"]
[Date "2006.10.15"]
[Round "1"]
[White "Kotek, Daniel"]
[Black "Hula, Lukas"]
[Result "1/2-1/2"]
[WhiteElo "2280"]
[BlackElo "2135"]
[PlyCount "71"]
[EventDate "2006.10.15"]
[EventType "team"]
[EventRounds "11"]
[EventCountry "CZE"]
[SourceTitle "EXT 2009"]
[Source "ChessBase"]
[SourceDate "2008.11.26"]
[SourceVersion "1"]
[SourceVersionDate "2008.11.26"]
[SourceQuality "1"]

1. e4 c6 2. d4 d5 3. e5 Bf5 4. Nc3 e6 5. g4 Bg6 6. Nge2 c5 7. h4 h6 8. Be3 Qb6 9. f4 Nc6 10. f5 Bh7 11. Qd2 c4 12. Nf4 0-0-0 13. 0-0-0 Qa6 14. Kb1 b5 15. fxe6 b4 16. Ncxd5 Be4 17. b3 Na5 18. e7 Nxe7 19. Nxb4 Qb7 20. Bg2 Bxg2 21. Nxg2 Ng6 22. a3 Nxe5 23. g5 hxg5 24. hxg5 Rxh1 25. Rxh1 Nf3 26. Qc3 Nxg5 27. d5 Ne4 28. Qd4 f5 29. Qe5 g6 30. Qe6+ Kb8 31. Na6+ Ka8 32. Bf4 c3 33. Nc7+ Kb8 34. Na6+ Ka8 35. Nc7+ Kb8 36. Na6+ 1/2-1/2